1208 1117 1007 1313 1603 1047 1795 1652 1987 1394 1730 1925 1248 1587 1013 1808 1828 1633 1894 1589 1521 1846 1925 1231 1313 1184 1431 1427 1807 1213 1522 1041 1946 1184 1621 1336 1409 1458 1679 1245 1314 1035 1538 1425 1477 1165 1658 1348 1882 1443 1306 1645 1961 1049 1792 1632 1724 1852 1129 1607 1914 1605 1979 1175 1487 1363 1397 1509 1109 1997 1853 1007 1294 1838 1135 1030 1215 1621 1589 1054 1414 1870 1424 1167 1937 1436 1792 1365 1303 1510 1646 1488 1175 1055 1905 1842 1528 1129 1090 BCNSPRNW ULIB Ver.6.0+V

เปลี่ยนเป็นภาษาไทย

Change to English
 แสดงรายละเอียดบรรณานุกรม
  กลับหน้าหลัก

Brief Record : Get Marc (ISO 2709) : E-mail record : QR code < ปิดหน้าต่าง
LEADER : 00000nam 2200000uu 4500
001    13399122228
003     ULIB
008    130114s||||||||th 000 0 tha d
020    ^a9780521734585
050  4 ^aPE1131^bR312f
100 1  ^aRedston, Chris.
245 10 ^aFace2face ^nElementtary students book with cd-rom/audio cd A1 &A2 / ^cChris Redston, Gillie Cunningham.
250    ^a5th ed
260    ^a[S.l.] : ^bCambridge University Press, ^c2011.
300    ^a160 p. ; ^c28 cm.
650  0 ^aEnglish--Use
700 1  ^aCunningham, Gillie.
945    ^p0^l0^i19704
945    ^p0^l0^i19705
995    ^aKanchaphon
999 ^a ใช้งานได้ทุกระบบ
รายการนี้ยังไม่มีแท็ก
คุณยังไม่ได้ล็อกอิน คุณสามารถมีกิจกรรมร่วมกับเว็บไซต์ได้ แต่ต้องล็อกอินก่อน ::
  ล็อกอิน

รายการสื่อสารสนเทศ

ลำดับที่ ประเภท เลขเรียก/บาร์โค้ด สถานที่ สถานะ
1. การศึกษาทั่วไป
การศึกษาทั่วไป
PE1131 R312f  
  Barcode: 19704
ห้องสมุดวิทยาเขตสวรรค์ประชารักษ์
►หนังสือทั่วไป
บนชั้น
2. การศึกษาทั่วไป
การศึกษาทั่วไป
PE1131 R312f ฉ.2 
  Barcode: 19705
ห้องสมุดวิทยาเขตสวรรค์ประชารักษ์
►หนังสือทั่วไป
บนชั้น

รายการใกล้เคียง
    ผู้แต่ง [Redston, Chris.]

    หัวเรื่อง [English--Use]

BibComment


ยังไม่เคยถูกคอมเมนท์

คอมเมนท์ทรัพยากรรายการนี้
  คอมเมนท์: Face2face Eleme..


 Copyright 2026. Bcnsprnw @Library